Tagalog Body Parts - Statistics

General Stats
  • This quiz has been taken 118 times
  • The average score is 36 of 81
Answer Stats
Hint Answer % Correct
Hair Buhók
91%
Ears Tainga / Tenga
91%
Head Ulo
90%
Eyes Matá
87%
Face Mukhâ
81%
Nose Ilóng
79%
Hand Kamáy
76%
Teeth Ngipin
73%
Tongue Dilà
72%
Mouth Bibíg
71%
Foot Paá
69%
Cheeks Mga pisngí
68%
Poop / Feces Tae
68%
Neck Leég
67%
Fingers Mga daliri
67%
Saliva Laway
64%
Lips Mga labí
64%
Forehead Noó
64%
Urine Ihì
63%
Eyelashes Pilík matá
62%
Heart Pusò
62%
Back Likód
60%
Blood Dugô
59%
Armpit Kíli-kili
54%
Nail Kukó
54%
Sweat Pawis
54%
Skin Balát
53%
Arm Braso
53%
Bones Mga butó
53%
Brain Utak
53%
Shoulder Balikat
51%
Chest Dibdíb
51%
Booger Kulangot
51%
Penis Titì
51%
Knee Tuhod
50%
Tears Luhà
49%
Stomach Tiyán
49%
Palm Palad
46%
Butt Puwét / Puwít
45%
Elbow Siko
45%
Menstruation Regla
44%
Scalp Anit
42%
Vagina Puki / Pekpek
41%
Throat Lalamunan
40%
Thumb Hinlalakí
38%
Lungs Mga bagà
38%
Liver Atáy
37%
Testicle Bayág / Itlóg
37%
Gum Gilagid
37%
Thigh Hità
37%
Eye gunk Mutà
37%
Index finger Hintuturò
36%
Nape Batok
35%
Leg Bintî
35%
Vein Ugát
35%
Skull Bungô
33%
Mucus Sipón / Uhog
33%
Pubic hair Bulból
32%
Grey hair Uban
29%
Ear wax Tutulí
28%
Hip Balakang
27%
Intestines Mga bituka
27%
Eyelid Talukap ng matá
26%
Navel Pusod
24%
Sole of the foot Talampakan
23%
Palate Ngalangalá
21%
Ring finger Palásingsingan
21%
Body hair Balahibo
19%
Heel Sakong
19%
Ovary Obaryo
18%
Groin Singit
17%
Muscle Masel / Kalamnán
15%
Uterus Báhay-batà
14%
Anus Tumbóng
14%
Middle finger Hinlalatò
12%
Pancreas Lapáy
12%
Ankle Búkong-bukong
10%
Breasts Mga suso
8%
Pinky / Little finger Kálingkingan
5%
Cartilage Kartílagó
4%
Nipples Mga utóng
4%
No matching quizzes found
Score Distribution
Percent of People with Each Score
Percentile by Number Answered
Your Score History
You have not taken this quiz